| 000 | 00899cam a22002891i 4500 | ||
|---|---|---|---|
| 001 | 9816789 | ||
| 003 | OSt | ||
| 005 | 20230620113320.0 | ||
| 008 | 770323s1956 xx 000 0 eng | ||
| 010 | _aa 58005533 | ||
| 015 | _aGB56-12789 | ||
| 035 | _a(OCoLC)2827609 | ||
| 040 |
_aDLC _cOU _dCaSRU _dUk _dDLC |
||
| 042 | _apremarc | ||
| 043 |
_ae-uk--- _ae-uk-en |
||
| 050 | 0 | 0 |
_aDA125.A1 _bC3 |
| 082 |
_a320.53 _bCAR |
||
| 100 | 1 | _aCarey, Alexander Timothy. | |
| 245 | 1 | 0 |
_aColonial students, _ba study of the social adaptation of colonial students in London. _cWith a pref. by Kenneth L. Little. |
| 260 |
_aLondon, _bSecker & Warburg, _c1956. |
||
| 300 |
_axii. 267 p. _c22 cm. |
||
| 504 | _aBibliography: p. 265-267. | ||
| 650 | 0 |
_aStudents, Foreign _zEngland _zLondon. |
|
| 651 | 0 |
_aGreat Britain _xRace relations. |
|
| 906 |
_a7 _bcbc _coclcrpl _du _encip _f19 _gy-gencatlg |
||
| 942 |
_2ddc _cBK |
||
| 999 |
_c1650 _d1650 |
||